00454cam a22001692 4500001001100000005001700011008004100028020001700069040001500086100003300101245003600134250001300170260003900183300001800222650004100240852000300281000001957420151217154434.0110111s xx 000 0 eng d a1450899680 : aKABUcKABU1 aMacIntyre, Ewan.@000017934110aBusiness law /cEwan MacIntyre. a5th ed. aHarlow, England :bPearson,c2010. aliii, 846 p. 0aCommercial lawzEngland.@00001777201